Pre-sessional course for overseas students : (An occasional paper)
In this text, some of the leading authorities in the field bring together current research and sound practical advice on the provision of quality teaching and learning for overseas students. The text represents a wide range of overseas students' experiences from the Pacific Rim, China and the E...
Đã lưu trong:
| 格式: | 图书 |
|---|---|
| 语言: | Undetermined |
| 出版: |
London
British Council
1978
|
| 主题: | |
| 标签: |
添加标签
没有标签, 成为第一个标记此记录!
|
| Thư viện lưu trữ: | Trung tâm Học liệu Trường Đại học Cần Thơ |
|---|
| LEADER | 00861nam a2200193Ia 4500 | ||
|---|---|---|---|
| 001 | CTU_29080 | ||
| 008 | 210402s9999 xx 000 0 und d | ||
| 082 | |a 407 | ||
| 082 | |b P922 | ||
| 245 | 0 | |a Pre-sessional course for overseas students : | |
| 245 | 0 | |b (An occasional paper) | |
| 260 | |a London | ||
| 260 | |b British Council | ||
| 260 | |c 1978 | ||
| 520 | |a In this text, some of the leading authorities in the field bring together current research and sound practical advice on the provision of quality teaching and learning for overseas students. The text represents a wide range of overseas students' experiences from the Pacific Rim, China and the European Community. | ||
| 650 | |a English language,Language and languages | ||
| 650 | |x Study and teaching,Study and teaching | ||
| 904 | |i Minh | ||
| 980 | |a Trung tâm Học liệu Trường Đại học Cần Thơ | ||